| 000 | 00540cab a2200205 4500 | ||
|---|---|---|---|
| 001 | X45 | ||
| 008 | 090401t1991 xxu||||| |||| 00| 0 eng d | ||
| 035 | _a(Sirsi) u44728 | ||
| 041 | _aeng | ||
| 245 | _aLay calls for professional `unity` | ||
| 260 | _c1991 | ||
| 350 | _a0 | ||
| 490 |
_aEstates Gazette _v(9144) 9 November 1991, 70(1) |
||
| 650 | _aABOUT RICS-RICS MEMBERS | ||
| 650 | _aLAY COMMITTEE REPORT | ||
| 650 | _aRICS | ||
| 690 | _aMANAGEMENT-BUSINESS MANAGEMENT-PROFESSIONAL PRACTICE | ||
| 942 | _n0 | ||
| 948 | _c04/03/1997 | ||
| 999 |
_c28422 _d28422 |
||